UBT Library

Exam cram : (Record no. 1343)

000 -LEADER
fixed length control field 00671nam a22002177a 4500
008 - FIXED-LENGTH DATA ELEMENTS--GENERAL INFORMATION
fixed length control field 151026b xxu||||| |||| 00| 0 eng d
020 ## - INTERNATIONAL STANDARD BOOK NUMBER
International Standard Book Number 9780789737960 (pbk. w/cd)
020 ## - INTERNATIONAL STANDARD BOOK NUMBER
International Standard Book Number 0789737965 (pbk. w/cd)
041 0# - LANGUAGE CODE
Language code of text/sound track or separate title eng
080 ## - UNIVERSAL DECIMAL CLASSIFICATION NUMBER
Universal Decimal Classification number 004.6
100 1# - Rafti
Rafti Harwood, Mike.
245 10 - TITLE STATEMENT
Title Exam cram :
Statement of responsibility, etc Mike Harwood.
246 30 - VARYING FORM OF TITLE
Title proper/short title CompTIA Network+
250 ## -
-- 3rd ed.
260 ## -
-- Indianapolis, Ind. :
-- Pearson,
-- 2009.
300 ## -
-- xviii, 628 f. :
-- me il.;
-- 23 cm. +
-- 1 CD-ROM (4 3/4 in.)
650 #0 -
-- Rrjetat kompjuterike
650 #0 -
-- Inxhinieria e telekomunikacionit
650 #0 -
-- Përpunimi i të dhënave elektronike
942 ## - ADDED ENTRY ELEMENTS (KOHA)
Source of classification or shelving scheme
Item type Books
Holdings
Withdrawn status Lost status Source of classification or shelving scheme Damaged status Not for loan Collection code Permanent location Current location Shelving location Date acquired Total Checkouts Full call number Barcode Date last seen Koha item type
          Koleksioni i përgjithshem UBT - Lipjan UBT - Lipjan Koleksioni i përgjithshem 10/26/2015   004.6 HAR 002-008759 10/26/2015 Books
UBT Library © 2015-2024. All rights reserved University Education for Business and Technology